Face to face with elephants / (Record no. 342903)
[ view plain ]
| 000 -LEADER | |
|---|---|
| fixed length control field | 00502nam a2200193Ia 4500 |
| 008 - FIXED-LENGTH DATA ELEMENTS--GENERAL INFORMATION | |
| fixed length control field | 170918s9999 xx 000 0 und d |
| 020 ## - INTERNATIONAL STANDARD BOOK NUMBER | |
| International Standard Book Number | 9781426303258 |
| 050 ## - LIBRARY OF CONGRESS CALL NUMBER | |
| Item number | J861 2008 |
| 100 ## - MAIN ENTRY--PERSONAL NAME | |
| Personal name | Joubert, Beverly |
| 245 ## - TITLE STATEMENT | |
| Title | Face to face with elephants / |
| 245 ## - TITLE STATEMENT | |
| Statement of responsibility, etc | by Beverly Joubert and Dereck Joubert. |
| 260 ## - PUBLICATION, DISTRIBUTION, ETC. (IMPRINT) | |
| Place of publication, distribution, etc | Washington, D. C. : |
| 260 ## - PUBLICATION, DISTRIBUTION, ETC. (IMPRINT) | |
| Name of publisher, distributor, etc | National Geographic, |
| 260 ## - PUBLICATION, DISTRIBUTION, ETC. (IMPRINT) | |
| Date of publication, distribution, etc | 2008 |
| 300 ## - PHYSICAL DESCRIPTION | |
| Extent | 31 pages : |
| 300 ## - PHYSICAL DESCRIPTION | |
| Other physical details | colored illustration ; |
| 300 ## - PHYSICAL DESCRIPTION | |
| Dimensions | 26cm. |
| 500 ## - GENERAL NOTE | |
| General note | 890 |
| Withdrawn status | Lost status | Damaged status | Home library | Current library | Date acquired | Total Checkouts | Full call number | Barcode | Date last seen | Price effective from | Koha item type |
|---|---|---|---|---|---|---|---|---|---|---|---|
| Stonyhurst Southville International School (Malarayat) | Stonyhurst Southville International School (Malarayat) | 09/18/2017 | LEX J861 2008 | SSISM1975 | 09/18/2017 | 09/18/2017 | Lexile |